00640nam a22001697a 4500003000900000008004100009040007100050082002000121100003200141245010100173260005700274300006200331650001600393650001200409650002500421700002400446AR-CdUCM190427b ||||| |||| 00| 0 spa d aMUNICIPALIDAD PROVINCIAL DEL CUSCOcBIBLIOTECA MUNICIPAL DEL CUSCO aEP / 498 /bG75 aGutiérrez Sambrano, Elena aKusisami patara N° 2 :bQheswa simi yachay = Texto para el aprendizaje intermedio del quechua / aQosqo :bAcademia mayor de la lengua quechua,c2010. a117 páginas ;bGráficos, dibujo, gramática,c30 cm. aAprendizaje aQuechua aEducación primaria aTapia Canales, Rosa